Top 10 strzelców Euro 2016 - Statystyki

Ogólne statystyki
  • Ten quiz został rozwiązany 24 razy
  • Średni wynik to 2 z 10
Statystyki odpowiedzi
Piłkarz Liczba goli Liczba asyst Miejsce % Poprawnych
Robert Lewandowski 13 4 1
91%
Thomas Mueller 9 2 2
41%
Gareth Bale 7 2 5
32%
Wayne Rooney 7 1 8
14%
Zlatan Ibrahimovic 8 1 4
14%
Edin Dzeko 7 0 10
5%
Kyle Lafferty 7 1 8
5%
Artem Dzyuba 8 2 3
0%
Marc Janko 7 2 5
0%
Steven Fletcher 7 2 5
0%
Nie znaleziono quizów pasujących do podanych kryteriów
Rozkład punktacji
Procent ludzi z każdym wynikiem
Percentyl według liczby udzielonych odpowiedzi
Twoja historia wyników
Nie rozwiązałeś tego quizu